|
|
|
|
| LEADER |
01514nam a22003854a 4500 |
| 001 |
EBC3050578 |
| 003 |
MiAaPQ |
| 005 |
20200520144314.0 |
| 006 |
m o d | |
| 007 |
cr cn||||||||| |
| 008 |
021210s2003 dcu sbs i000 0 eng |
| 010 |
|
|
|z 2002044948
|
| 020 |
|
|
|z 0821353977
|
| 035 |
|
|
|a (MiAaPQ)EBC3050578
|
| 035 |
|
|
|a (Au-PeEL)EBL3050578
|
| 035 |
|
|
|a (CaPaEBR)ebr10040032
|
| 035 |
|
|
|a (CaONFJC)MIL8594
|
| 035 |
|
|
|a (OCoLC)52938644
|
| 040 |
|
|
|a MiAaPQ
|c MiAaPQ
|d MiAaPQ
|
| 050 |
|
4 |
|a HG1642.D44
|b B36 2003
|
| 082 |
0 |
4 |
|a 332.1/753/091724
|2 21
|
| 245 |
0 |
0 |
|a Bank loan classification and provisioning practices in selected developed and emerging countries
|h [electronic resource] /
|c edited by Alain Laurin, Giovanni Majnoni.
|
| 260 |
|
|
|a Washington, D.C. :
|b World Bank,
|c c2003.
|
| 300 |
|
|
|a ix, 50 p.
|
| 490 |
1 |
|
|a World Bank working paper,
|x 1726-5878 ;
|v no. 1
|
| 504 |
|
|
|a Includes bibliographical references (p. 49-50).
|
| 530 |
|
|
|a Issued also on-line (eISBN: 0821353985).
|
| 533 |
|
|
|a Electronic reproduction. Ann Arbor, MI : ProQuest, 2015. Available via World Wide Web. Access may be limited to ProQuest affiliated libraries.
|
| 650 |
|
0 |
|a Bank loans
|z Developing countries
|x Evaluation.
|
| 655 |
|
4 |
|a Electronic books.
|
| 700 |
1 |
|
|a Laurin, Alain,
|d 1958-
|
| 700 |
1 |
|
|a Majnoni, Giovanni.
|
| 710 |
2 |
|
|a ProQuest (Firm)
|
| 830 |
|
0 |
|a World Bank working paper ;
|v no. 1.
|
| 856 |
4 |
0 |
|u https://ebookcentral.proquest.com/lib/matrademy/detail.action?docID=3050578
|z Click to View
|